LEADER 01234nam a2200289 4500 001 000000360109 003 CaOOAMICUS 005 20241004102939.0 008 241004s2006 it a 000 u ita r 020 $a88-7252-278-1 040 $aSeMil$bita 100 0 $aBenzimra, André.$0(OLS)http://semarc/name/120592 245 10$aLégendes cachées dans la Bible :$bétudes de kabbale maçonnique /$cAndré Benzimra ; préface de Claude Gagne. 264 1$aMilano :$bArchè,$c2006. 300 $a205 p. :$bill. ;$c21 cm 490 1 $aAcacia ;$v10 650 4$aCabala.$0(OLS)http://semarc/subject/3385 650 4$aMassoneria.$0(OLS)http://semarc/subject/2383 700 1 $aGagne, Claude.$0(OLS)http://semarc/name/120593 830 0$aAcacia ;$v10.$0(OLS)http://semarc/title/450559 850 $aSeMil 852 $aSeMil$W1$xVenegono$y1$m2X V 249$j251348$B251140$CSeMilBibl$Z2$F251140 $81 961 $aBuzzi mons. Franco - Omaggio 996 $6020$a88-7252-278-1$9(OLS)http://semarc/number/301409 996 $6245$aLégendes cachées dans la Bible :$bétudes de kabbale maçonnique$9(OLS)http://semarc/title/450562 996 $6264$aMilano :$bArchè$9(OLS)http://semarc/publisher/32657 LEADER 01006nam a2200205 i 4500 001 000000136391 003 CaOOAMICUS 005 20100223000000.0 008 100223s1549 xx u000 u lat u 013 $a109943 040 $aSeMil$bita 245 13$aDe ossibus, Ferdinando Balamio siculo interprete. 260 $aLione :$bGulielmum Rovillium,$c1549. 300 $a7,5 x 12 ;$cpp. 64 ;$cgr. e rom. 500 $aE' legato con : Galenus, De elementis libri duo ... (v.). - Descrizione da : Incunaboli e Cinquecentine della Biblioteca del Seminario di Milano / catalogo a cura di Ubaldo Valentini, Milano 1981. - Numero di catalogo : 713. 700 1 $aGalenus, Claudius,$d<129-ca. 201>.$0(OLS)http://semarc/name/92524 850 $aSeMil 852 $aSeMil$W1$xVenegono$y1$mFV.B I 25/5$j90006$B90006$CSeMilBibl$Z2$F94886 $86 996 $6245$aDe ossibus, Ferdinando Balamio siculo interprete$9(OLS)http://semarc/title/199282 996 $6260$aLione :$bGulielmum Rovillium$9(OLS)http://semarc/publisher/46955